000 00256nam a22001097a 4500
008 170112b xxu||||| |||| 00| 0 eng d
020 _a9780323012102
041 _aeng
080 _25TH
_a618.2
245 _aFUNDAMENTALS OF NURSING
_cOCHS, G
942 _2udc
_cBK
999 _c2828
_d2828